000 00929 a2200205 4500
003 Nust
005 20230306101145.0
010 _a 2015325324
040 _cNust
082 _a338.9009171
100 1 _aShah, Safdar Ali,
_950772
245 1 0 _aColonialism English & Punjabi /
_cSafdar Ali Shah.
246 3 _aColonialism English and Punjabi
260 _aNUST
_bIslamabad
_c2015
300 _a349 pages ;
_c23 cm
505 _aColonial Rules in the Punjab (Page-12), Western education and its Cultural Impact (Page-30), Punjabi Literature before Annexation (Page-56), Winds of Change (Page-76),Modern Punjabi Poetry (Page-132), Emergence of Non-Poetic Literature (Page-178) Colonial Influence on Punjabi Language (Page-198), New Punjabi Literature (Page-256), Futuristic Trends and directions (Page-284).
651 0 _aPunjab (India)
_xHistory.
_93789
651 0 _aPunjab (Pakistan)
_xHistory.
_93743
942 _2ddc
_cBK
999 _c217106
_d217106